000 01383cam a22003617a 4500
003 CHAP
005 20220329142238.0
008 000324d1996 ep a r 00010 spa d
010 _a80514
011 _a81486
020 _a84874440886
035 _a91958
040 _cCHAP
082 0 4 _a634
_bM45
100 0 0 _aMelgarejo Moreno, Pablo.
_974342
245 1 3 _aEl frío invernal, factor limitante para el cultivo frutal :
_bmodelos y métodos para determinar la acumulación de frío y de calor en frutales
_c/por Pablo Melgarejo Moreno
260 _aMadrid ;
_bA. Madrid Vicente,
_c1996.
300 _a166 p. :
_bilus. ; gráfs.
590 _aBATCH-UPD
_b10
_c20130110
_lUCH01
_h0442
590 _aBATCH-UPD
_b10
_c20130110
_lUCH01
_h2232
590 _aBATCH-UPD
_b10
_c20130410
_lUCH01
_h0119
590 _aBATCH-UPD
_b10
_c20130914
_lUCH01
_h0825
590 _aCONVERSION
_b10
_c20130109
_lUCH01
_h1345
650 1 4 _aArboles frutales
_xEfecto del clima.
_96671
650 1 4 _aArboles frutales
_xResistencia al frio.
_96690
650 1 4 _aCalor
_xEfecto en plantas.
_917573
650 1 4 _aFrío
_xEfecto en árboles frutales.
_943540
901 _aBK
905 _aMayto Villalobos S.
942 _cLIBRO
949 _a634 M45
_bBC
_cLIBRO
_d33724000737888
_eLIBRO
_gI. 198924
_h96059
_i91958
_si
_t$244.00
949 _a634 M45
_bBC
_cLIBRO
_d33724002248611
_eLIBRO
_fc.2
_gDonaciØn
_h114965
_i91958
_si
999 _c80514
_d80514